000 00205 a2200097 4500
001 19900
100 _aRadhakrishnan
245 _aIndian philosophy
260 _a
_bAllen & Unwin
_c
090 _c14522
_d14522
942 _aNUST-CAE
_cM
_c5028
999 _c254973
_d254973